| 000 | 00679naa a2200205 4500 | ||
|---|---|---|---|
| 001 | 161360 | ||
| 003 | ES-MaBCM | ||
| 005 | 20241016190458.0 | ||
| 008 | 081009s2008 gbr|r0p 0 ||eng d | ||
| 021 | _axx | ||
| 035 | _a(OCoLC)1365224294 | ||
| 040 | _cES-MaBCM | ||
| 100 | 1 |
_aAlbin, Cecilia _984762 |
|
| 245 | 0 | 0 |
_aUsing negotiation to promote legitimacy _b: an assessment of proposals for reforming the WTO _cCecilia Albin |
| 520 | 3 | _aContiene bibliografía | |
| 773 | 0 |
_aEn: _tInternational affairs _dCambridge _w104599 _gVol. 84, no. 4 (July 2008), p. 757-775 |
|
| 942 | _cAREV | ||
| 999 |
_c161360 _d161360 |
||
| 610 |
_aOrganización Mundial del Comercio _952685 |
||
| 650 | 0 |
_aCrisis sanitaria _9127584 |
|